Statistics : (Record no. 464)
[ view plain ]
| 000 -LEADER | |
|---|---|
| fixed length control field | 00956cam a22002774a 4500 |
| 003 - CONTROL NUMBER IDENTIFIER | |
| control field | OSt |
| 005 - DATE AND TIME OF LATEST TRANSACTION | |
| control field | 20210614105217.0 |
| 008 - FIXED-LENGTH DATA ELEMENTS--GENERAL INFORMATION | |
| fixed length control field | 070828s2009 caua b 001 0 eng |
| 020 ## - INTERNATIONAL STANDARD BOOK NUMBER | |
| International Standard Book Number | 0495096555 (9780495096559 : alk. paper) |
| 040 ## - CATALOGING SOURCE | |
| Transcribing agency | DLC |
| 050 00 - LIBRARY OF CONGRESS CALL NUMBER | |
| Classification number | HA29 |
| Item number | .H39 2009 |
| 100 1# - MAIN ENTRY--PERSONAL NAME | |
| Personal name | Healey, Joseph F., |
| Dates associated with a name | 1945- |
| 245 10 - TITLE STATEMENT | |
| Title | Statistics : |
| Remainder of title | a tool for social research / |
| Statement of responsibility, etc. | Joseph F. Healey. |
| 250 ## - EDITION STATEMENT | |
| Edition statement | 8th ed. |
| 260 ## - PUBLICATION, DISTRIBUTION, ETC. | |
| Place of publication, distribution, etc. | Belmont, CA : |
| Name of publisher, distributor, etc. | Thomson / Wadsworth, |
| Date of publication, distribution, etc. | c2009. |
| 300 ## - PHYSICAL DESCRIPTION | |
| Extent | xxx, 512 p. : |
| Other physical details | ill. ; |
| Dimensions | 24 cm. |
| 504 ## - BIBLIOGRAPHY, ETC. NOTE | |
| Bibliography, etc. note | Includes bibliographical references and index. |
| 650 #0 - SUBJECT ADDED ENTRY--TOPICAL TERM | |
| Topical term or geographic name entry element | Social sciences |
| General subdivision | Statistical methods. |
| 650 #0 - SUBJECT ADDED ENTRY--TOPICAL TERM | |
| Topical term or geographic name entry element | Statistics. |
| 856 41 - ELECTRONIC LOCATION AND ACCESS | |
| Uniform Resource Identifier | http://www.loc.gov/catdir/toc/fy0803/2007936259.html |
| 906 ## - LOCAL DATA ELEMENT F, LDF (RLIN) | |
| a | 7 |
| b | cbc |
| c | orignew |
| d | 3 |
| e | epcn |
| f | 20 |
| g | y-gencatlg |
| 942 ## - ADDED ENTRY ELEMENTS (KOHA) | |
| Source of classification or shelving scheme | |
| Koha item type | Book |
| Suppress in OPAC | SO |
| Withdrawn status | Lost status | Source of classification or shelving scheme | Damaged status | Not for loan | Permanent Location | Current Location | Shelving location | Date acquired | Total Checkouts | Full call number | Barcode | Date last seen | Copy number | Price effective from | Koha item type | Public note | Date last checked out |
|---|---|---|---|---|---|---|---|---|---|---|---|---|---|---|---|---|---|
| AU LIBRARY | AU LIBRARY | Open Shelf | 14.06.2021 | HA29 .H39 2009 C1 | 28000571 | 14.06.2021 | 1 | 14.06.2021 | Book | SO | |||||||
| AU LIBRARY | AU LIBRARY | Open Shelf | 14.06.2021 | 1 | HA29 .H39 2009 C2 | 28002415 | 22.11.2023 | 2 | 14.06.2021 | Book | SO | 09.11.2023 |